000 01276nam a2200253Ia 4500
001 18145
003 GE_BSU
008 181216s||||||||xx |||||||||||||| ||und||
040 _cGE_BSU
080 _a81'374.822=353.1=512.161(038)
100 _aაბულაძე, ცისანა
245 _aსულხან-საბა ორბელიანის ლექსიკონის სიტყვანის თურქული თარგმანები
250 _aკ. კეკელიძის სახ. ხელნაწერთა ინ-ტი.
260 _aთბილისი
260 _bმეცნიერება
260 _c1968
300 _a257გვ. ; 22სმ.
300 _eთურქულ სიტყვათა საძიებელი, გვ. 207-256.
520 _aრეზუმე რუს. ენ.., პარალ. სათ. რუს ენ.
541 _h8ლ.
653 _aსულხან-საბა ორბელიანის ლექსიკონის სიტყვანის თურქული თარგმანები
653 _aქართული ლექსიკის თურქული შესატყვისები
942 _cBK
999 _c51186
_d51186